Грамматика английского языка: учебное пособие для неязыковых вузов

Bibliographische Detailangaben
1. Verfasser: Беляева М. А. Мария Александровна
Sprache:Russisch
Englisch
Veröffentlicht: Москва, Высшая школа, 1977
Ausgabe:6-е изд.
Schlagworte:
Format: Buch
KOHA link:https://koha.lib.tpu.ru/cgi-bin/koha/opac-detail.pl?biblionumber=21485

MARC

LEADER 00000nam0a2200000 4500
001 21485
005 20231030192847.0
035 |a (RuTPU)RU\TPU\book\21687 
035 |a BOOK00006380 
090 |a 21485 
100 |a 20011209d1977 m y0rusy50 ca 
101 0 |a rus  |a eng 
102 |a RU 
105 |a y j 000zy 
200 1 |a Грамматика английского языка  |e учебное пособие для неязыковых вузов  |f М. А. Беляева 
205 |a 6-е изд. 
210 |a Москва  |c Высшая школа  |d 1977 
215 |a 333 с. 
610 1 |a английский язык 
610 1 |a учебные пособия 
610 1 |a грамматика 
686 |a Ш143.21-923.2  |v LBC/SL-A  |2 rubbk 
700 1 |a Беляева  |b М. А.  |g Мария Александровна 
801 0 |a RU  |b 63413507  |c 20011209  |g PSBO 
801 2 |a RU  |b 63413507  |c 20161020  |g PSBO 
942 |c BK